Loreto College Library, Kolkata
WEBOPAC (ONLINE PUBLIC ACCESS CATALOGUE)

The slave (Record no. 33126)

MARC details
000 -LEADER
fixed length control field 00434nam a2200169Ia 4500
008 - FIXED-LENGTH DATA ELEMENTS--GENERAL INFORMATION
fixed length control field 131103s9999 xx 000 0 und d
040 ## - CATALOGING SOURCE
Original cataloging agency Loreto College
041 ## - LANGUAGE CODE
Language code English
082 ## - DDC | ডিউই
Classification number | বর্গসংখ্যা F/SIN
Book Number | গ্রন্থাঙ্ক LCBED/6383
100 ## - MAIN ENTRY--PERSONAL NAME | মুখ্য সংলেখ - ব্যাক্তিনাম
Personal name | ব্যাক্তিনাম Singer, Isaac Bashevis
245 #4 - TITLE STATEMENT | অাখ্যা বিবরণী
Title | অাখ্যা The slave
Statement of responsibility | লেখকের দায়িত্বের বিবরণ Isaac Bashevis Singer
260 ## - IMPRINT | প্রকাশনা ক্ষেত্র
Place of publication | প্রকাশ স্থান England
Name of publisher | প্রকাশকের নাম Penguin
Date of publication | প্রকাশ কাল 1979
300 ## - PHYSICAL DESCRIPTION |
Page / Vol. No | পৃষ্ঠা / খন্ড সংখ্যা 235p.
650 ## - SUBJECT ADDED ENTRY--TOPICAL TERM | বিষয় শিরোনাম - মূল বিষয়
Topical term | মূল বিষয় English fiction
850 ## - HOLDING INSTITUTION
Holding institution LCBED/F/SIN
942 ## - ADDED ENTRY ELEMENTS (KOHA)
Koha item type Books
Holdings
Withdrawn status Lost status Damaged status Not for loan Home library Current library Date acquired Total Checkouts Full call number Accession No. Date last seen Price effective from Koha item type
        Loreto College Loreto College 04/11/2013   F/SIN LCBED/6383 B35983 04/11/2013 04/11/2013 Books